Słowa zaczynające się od "hipo-" - Statystyki

Ogólne statystyki
  • Ten quiz został rozwiązany 666 razy
  • Średni wynik to 8 z 13
Statystyki odpowiedzi
Wskazówka Odpowiedź % Poprawnych
Duży ssak żyjący nad wodą Hipopotam
100%
Teoria, przypuszczenie Hipoteza
92%
Można pod nią zastawić nieruchomość Hipoteka
84%
Wyziębienie organizmu Hipotermia
81%
Mówienie jednego, a robienie drugiego; fałszywość; dwulicowość Hipokryzja
70%
Strach przed końmi Hipofobia
60%
Metoda rehabilitacji z wykorzystaniem konia Hipoterapia
56%
Nauka o koniach Hipologia
55%
Niewywołujący alergii Hipoalergiczny
50%
Niedobór glukozy we krwi Hipoglikemia
50%
Inaczej konik morski; także część mózgu Hipokamp
39%
Zamiłowanie do koni Hipomania
12%
Wyraz o znaczeniu węższym od danego Hiponim
8%
Nie znaleziono quizów pasujących do podanych kryteriów
Rozkład punktacji
Procent ludzi z każdym wynikiem
Percentyl według liczby udzielonych odpowiedzi
Twoja historia wyników
Nie rozwiązałeś tego quizu